| 000 | 00913cam a2200265 a 4500 | ||
|---|---|---|---|
| 001 | 37617 | ||
| 005 | 20230410101824.0 | ||
| 008 | 890130s1990 pr b s001 0 spa | ||
| 035 | _9(DLC) 89005385 | ||
| 035 | _a1035070 | ||
| 942 |
_2lcc _cbk |
||
| 010 | _a89005385 | ||
| 020 | _a0847736350 | ||
| 040 |
_aDLC _cDLC _dDLC |
||
| 043 | _anwpr--- | ||
| 050 | 1 | 4 |
_a117 PC 4854 _bA473h 1990 |
| 100 | 1 | _aAlvarez Nazario, Manuel. | |
| 245 | 1 | 3 |
_aEl habla campesina del país : _borígenes y desarrollo del español en Puerto Rico / _cManuel Alvarez Nazario. |
| 250 | _a1. ed. | ||
| 260 |
_aRío Piedras, P.R. : _bEditorial de la Universidad de Puerto Rico, _c1990. |
||
| 300 |
_axv, 594 p. ; _c23 cm. |
||
| 504 | _aIncludes bibliographical references (p. [473]-491) and indexes. | ||
| 650 | 0 |
_aSpanish language _xDialects _zPuerto Rico _xHistory. |
|
| 740 | 0 | _aOrígenes y desarrollo del español en Puerto Rico. | |
| 999 |
_c14657 _d14657 |
||